| 000 | 00699nam a2200241 a 4500 | ||
|---|---|---|---|
| 001 | BRCA_8250 | ||
| 005 | 20190320210209.0 | ||
| 008 | 280514s1949----po-a###f##---#000-0#por-# | ||
| 041 | _apor | ||
| 044 | _apo | ||
| 050 | 4 |
_aNK4126 _b.V35 1949 |
|
| 100 | 1 |
_aValente, Vasco _920585 |
|
| 245 | 1 | 0 |
_aPorcelana artística portuguesa _cVasco Valente ; fotografía de Albario Pestano. |
| 260 |
_aOporto _bModerna _c1949 |
||
| 300 |
_a111 p. _bil., 130 láminas _c30 cm. |
||
| 500 | _aVer también T86 | ||
| 500 | _aT90 | ||
| 650 | 1 | 4 |
_aPorcelana _zPortugal _920586 |
| 650 | 1 | 4 |
_aCerámica y porcelana _vArte _zPortugal _920587 |
| 700 | 1 |
_aPestano, Albario _efot. _920588 |
|
| 902 | _aGFM | ||
| 942 |
_2lcc _cB |
||
| 999 |
_c7918 _d7918 |
||